• 首页
  • 本馆介绍
  • 公告通知
  • 最新文献
  • 馆藏检索
  • 电子资源
  • 读者导购
  • 参考咨询
  • 我的图书馆
  • 登录
  • 详细信息显示
  • 放入我的书架
  • 预约/预借图书
  • 作者相关作品
  • 分类相关作品
  • 丛书相关作品
  • 出版社相关作品

书目信息

  • 表格格式
  • 工作单格式
  • 卡片格式
题名:
敦煌石窟供养人研究述评
    
 
作者: 夏生平 , 卢秀文 著
分册:  
出版信息: 杭州   浙江大学出版社  2016
页数: 344页
开本: 24cm
丛书名: “敦煌石窟研究文献专题叙录”(供养人专题)系列丛书
单 册:
中图分类: K879.214
科图分类:
主题词: 敦煌石窟--dun huang shi ku--研究
电子资源:
ISBN: 978-7-308-14216-8
000 01681nam0 22003011 450
001 387788
005 20170502165542.0
010    @a978-7-308-14216-8@dCNY68.00
100    @a20170109d2016 em y0chiy50 ea
101 0  @achi@ceng
102    @aCN@b330000
105    @ay z 001yy
106    @ar
200 1  @a敦煌石窟供养人研究述评@9dun huang shi ku gong yang ren yan jiu shu ping@dThe research review on the donors of Dunhuang grottoes@f夏生平,卢秀文著@zeng
210    @a杭州@c浙江大学出版社@d2016
215    @a344页@d24cm
225 2  @a“敦煌石窟研究文献专题叙录”(供养人专题)系列丛书@9dun huang shi ku yan jiu wen xian zhuan ti xu lu (gong yang ren zhuan ti )xi lie cong shu
300    @a敦煌研究院院级课题(2008-2010年) 国家科技支撑计划课题“丝绸之路(中国段)文化遗产价值挖掘与文化旅游信息资源标准规范研究”(2012-2015年)课题:“敦煌石窟供养人研究述评”
330    @a本书是一部较为全面系统地对敦煌石窟供养人的内容、价值、意义及供养人题记、供养人与石窟、供养人造像、供养人营建活动、供养人族属、供养人婚姻、敦煌居民结构、供养人家族、供养人身份、供养人与佛教以及佛教造像的供养依据与信仰观念等研究成果的呈现,旨在把国内外敦煌学界最新的信息,最前沿的学术理论介绍给读者,使读者能够及时掌握敦煌学最新的研究动态,是第一部敦煌石窟供养人研究述评之书,也是一部学术研究史。
461  0 @12001 @a“敦煌石窟研究文献专题叙录”(供养人专题)系列丛书
510 1  @aResearch review on the donors of Dunhuang grottoes@zeng
606 0  @a敦煌石窟@9dun huang shi ku@x研究
610 0  @a供养人@Agong yang ren
690    @aK879.214@v5
701  0 @a夏生平@9xia sheng ping@4著
701  0 @a卢秀文@9lu xiu wen@4著
801  0 @aCN@b百万庄@c20170308
905    @b1003984-9@dK879.214@e349@f6
    
    敦煌石窟供养人研究述评=The research review on the donors of Dunhuang grottoes/夏生平,卢秀文著.-杭州:浙江大学出版社,2016
    344页;24cm.-(“敦煌石窟研究文献专题叙录”(供养人专题)系列丛书)
    敦煌研究院院级课题(2008-2010年) 国家科技支撑计划课题“丝绸之路(中国段)文化遗产价值挖掘与文化旅游信息资源标准规范研究”(2012-2015年)课题:“敦煌石窟供养人研究述评”
    
    ISBN 978-7-308-14216-8:CNY68.00
    本书是一部较为全面系统地对敦煌石窟供养人的内容、价值、意义及供养人题记、供养人与石窟、供养人造像、供养人营建活动、供养人族属、供养人婚姻、敦煌居民结构、供养人家族、供养人身份、供养人与佛教以及佛教造像的供养依据与信仰观念等研究成果的呈现,旨在把国内外敦煌学界最新的信息,最前沿的学术理论介绍给读者,使读者能够及时掌握敦煌学最新的研究动态,是第一部敦煌石窟供养人研究述评之书,也是一部学术研究史。
●
相关链接 在E读中查询图书 在五车中查询图书 在当当中查询图书 在豆瓣中查询图书


正题名:敦煌石窟供养人研究述评     索取号:K879.214/349         预约/预借

序号 登录号 条形码 馆藏地/架位号 状态 备注
1 1003984   210039849   第二样本阅览室/ [索取号:K879.214/349] 在馆    
2 1003985   210039858   教育系资料室/ [索取号:K879.214/349] 在馆    
3 1003986   210039867   教育系资料室/ [索取号:K879.214/349] 在馆    
4 1003987   210039876   教育系资料室/ [索取号:K879.214/349] 在馆    
5 1003988   210039885   第二借阅区/ [索取号:K879.214/349] 在馆    
6 1003989   210039894   第二借阅区/ [索取号:K879.214/349] 在馆    
唐山师范学院图书馆 欢迎您!
大连网信软件有限公司© 版权所有